000 00369nam a22001457a 4500
999 _c527094
_d527094
003 NUST
020 _qP/B
038 _awaseem
082 _a005.133
_bKAN
100 _aKandar, Shyamalendu
_918189
245 _aAutomata Theory and Formal Languages /
_cShyamalendu Kandar
260 _aNew Delhi :
_bDorling Kindersley,
_c2012.
300 _a360 p. ;
942 _2ddc
_cBK